| 000 | 00543nam a2200193 4500 | ||
|---|---|---|---|
| 010 | _a105166 | ||
| 035 | _a105166 | ||
| 037 | _bCen Lib / Ret | ||
| 040 |
_aDPL _bEN |
||
| 082 |
_a808.8 _bRUN |
||
| 100 | _aRunes, Dagobert D. | ||
| 245 |
_aTreasury of world literature / _cby Dagobert D. Runes |
||
| 260 |
_aNew York _bPhilosophical Library _c1956 |
||
| 300 |
_axxi, 1450p ; _c27cm(Hb) |
||
| 650 | _a Literature -- Collections. | ||
| 650 | _aAnthologies. | ||
| 650 | _aLiterature. | ||
| 942 |
_2ddc _cEN _h808.8 _mRUN |
||
| 999 |
_c137075 _d137075 |
||